Statistics for Film Closing Lines 1

Click here to take the quiz!

General Stats

  • This quiz has been taken 1,363 times
    (1,361 since last reset)
  • The average score is 5 of 15

Answer Stats

HintAnswer% Correct
Kevin, what did you do to my room?1990Home Alone
77%
Roads? Where we're going, we don't need roads.1985Back to the Future
72%
I hope I can make it across the border. I hope to see my friend and shake his hand. I hope the Pacific is as blue as it has been in my dreams. I hope.1994The Shawshank Redemption
62%
The greatest trick the Devil ever pulled was convincing the world he didn't exist. And like that, he's gone.1995The Usual Suspects
55%
Can't even get decent food - right after I got here, I ordered some spaghetti with marinara sauce, and I got egg noodles and ketchup. I'm an average nobody... get to live the rest of my life like a schnook.1990Goodfellas
43%
You're still here? It's over! Go home. Go!1986Ferris Bueller's Day Off
39%
I'm too old for this.1987Lethal Weapon
36%
A world without rules and controls, without borders or boundaries. A world where anything is possible. Where we go from there is a choice I leave to you.1999The Matrix
34%
Now we are free. I will see you again, but not yet. Not yet.2000Gladiator
27%
I was cured all right.1971A Clockwork Orange
25%
When people ask me if Michael Sullivan was a good man, or if there was just no good in him at all, I always give the same answer. I just tell them, 'he was my father'.2002Road to Perdition
16%
Goodnight, you princes of Maine. You kings of New England.1999The Cider House Rules
14%
It's too bad she won't live -- but then again, who does?1982Blade Runner
12%
Some people are born to sit by a river. Some get struck by lightning. Some have an ear for music. Some are artists. Some swim. Some know buttons. Some know Shakespeare. Some are mothers. And some people dance.2008The Curious Case of Benjamin Button
10%
You be careful, John Book, out among them English.1985Witness
10%

Score Distribution

Percentile by Number Answered

Percent of People with Each Score

Your Score History

You have not taken this quiz since the last reset